[Event "FIDE World Rapid 2014"]
[Site "Dubai UAE"]
[Date "2014.06.18"]
[Round "12.9"]
[White "Le, Quang Liem"]
[Black "Bacrot, Etienne"]
[Result "0-1"]
[WhiteTitle "GM"]
[BlackTitle "GM"]
[WhiteElo "2712"]
[BlackElo "2720"]
[WhiteFideId "12401137"]
[BlackFideId "605506"]
[EventDate "2014.06.16"]

1. d4 Nf6 2. c4 g6 3. Nc3 Bg7 4. e4 d6 5. Be2 O-O 6. Nf3 e5 7. O-O Nc6 8. d5 Ne7
9. b4 Nh5 10. g3 f5 11. Ng5 Nf6 12. Bf3 Kh8 13. Bg2 Rb8 14. b5 Ne8 15. exf5 gxf5
16. Qh5 Nf6 17. Nf7+ Kg8 18. Nxd8 Nxh5 19. Ne6 Bxe6 20. dxe6 e4 21. Bd2 Be5 22.
Rae1 c6 23. g4 fxg4 24. Nxe4 Nf4 25. Nc5 cxb5 26. cxb5 Nxg2 27. Kxg2 Rf5 28. Nd7
Re8 29. Re4 Ng6 30. Rxg4 Rxe6 31. Rc1 Bxh2 32. Rc8+ Kf7 33. Rc7 Ke8 34. Ra4 Re7
35. Rxb7 Rxd7 36. Rxd7 Kxd7 37. Rxa7+ Kc8 38. a4 Bf4 39. Ba5 h5 40. Rc7+ Kb8 41.
Rg7 Nf8 42. Re7 Bg5 43. Re8+ Kb7 44. Bb4 Bf4 45. Re7+ Kb6 46. Bc3 Be5 47. Bd2
Bd4 48. f4 Ng6 49. Re6 Rf6 50. Re4 Bc5 51. Kg3 d5 52. Re8 Nf8 53. Re5 Rg6+ 54.
Kh3 d4 55. Rxh5 d3 56. Rd5 Rd6 57. Rxd6+ Bxd6 58. Kg4 Kc5 59. Kf5 Kc4 60. Ke4
Nd7 61. f5 Nc5+ 62. Ke3 Nxa4 63. f6 Nc5 64. b6 Nd7 65. f7 Nxb6 66. Ke4 Bf8 67.
Kf5 Nd7 68. Ke6 Nc5+ 69. Ke5 Kb3 70. Be3 Kc2 71. Kd5 Nb7 72. Ke6 Nd8+ 73. Kd7
Nxf7 74. Ke8 Bc5 0-1

[Event "FIDE World Rapid 2014"]
[Site "Dubai UAE"]
[Date "2014.06.18"]
[Round "12.13"]
[White "Malakhov, Vladimir"]
[Black "Mamedov, Rauf"]
[Result "0-1"]
[WhiteTitle "GM"]
[BlackTitle "GM"]
[WhiteElo "2694"]
[BlackElo "2659"]
[WhiteFideId "4120787"]
[BlackFideId "13401653"]
[EventDate "2014.06.16"]

1. e4 e5 2. Nf3 d6 3. d4 exd4 4. Nxd4 Nf6 5. Nc3 g6 6. g3 Bg7 7. Bg2 O-O 8. O-O
Re8 9. h3 Nbd7 10. Re1 a6 11. a4 Rb8 12. a5 Nc5 13. Bf4 Nh5 14. Be3 Nf6 15. Bf4
Nh5 16. Bc1 d5 17. Nb3 Nxb3 18. cxb3 d4 19. Nd5 Be6 20. Bd2 Nf6 21. Nf4 Nd7 22.
Nd3 c5 23. Kh2 b5 24. f4 Rc8 25. e5 c4 26. Nb4 Nc5 27. bxc4 bxc4 28. Ra3 Qd7 29.
Qf3 Nb3 30. Rd1 Nxd2 31. Rxd2 Bf8 32. Nc6 Bxa3 33. Rxd4 Qxc6 0-1

[Event "FIDE World Rapid 2014"]
[Site "Dubai UAE"]
[Date "2014.06.18"]
[Round "12.14"]
[White "Vachier-Lagrave, Maxime"]
[Black "Jobava, Baadur"]
[Result "1/2-1/2"]
[WhiteTitle "GM"]
[BlackTitle "GM"]
[WhiteElo "2762"]
[BlackElo "2713"]
[WhiteFideId "623539"]
[BlackFideId "13601520"]
[EventDate "2014.06.16"]

1. e4 d6 2. d4 Nf6 3. Nc3 e5 4. dxe5 dxe5 5. Qxd8+ Kxd8 6. Bc4 Ke8 7. Nf3 Bd6 8.
Bg5 c6 9. O-O-O Bc7 10. Bxf6 gxf6 11. Nh4 Be6 12. Bxe6 fxe6 13. Rd3 Nd7 14. Rhd1
Rd8 15. Ne2 Rg8 16. Rh3 Kf7 17. Ng3 Bb6 18. Nf3 Rg7 19. Rd2 Nf8 20. Rxd8 Bxd8
21. Kd1 Nd7 22. Ke2 Nc5 23. Ne1 Na4 24. Nd3 Bc7 25. Nf1 Bb6 26. Nd2 Ke7 27. g4
Bc7 28. Rh5 Kf7 29. Rh6 Rxg4 30. Rxh7+ Rg7 31. Rxg7+ Kxg7 32. Kf3 b6 33. Kg4 Kg6
34. h4 f5+ 35. Kh3 Kf6 36. f3 b5 37. Nb1 Bd6 38. b3 Nb6 39. Nd2 Nd7 40. c4 Bf8
41. cxb5 cxb5 42. a4 Bh6 43. Nb1 bxa4 44. bxa4 a5 45. Na3 Nb6 46. Nb2 Bd2 47.
Nac4 Nxc4 48. Nxc4 Bc3 49. Kg2 Kg6 50. Kf1 Kh5 51. Ke2 Kxh4 52. Kd3 Be1 53. Nxe5
Kg3 54. Ke2 Bc3 55. Nd3 fxe4 56. fxe4 Bd4 57. Nc1 Kf4 58. Kd3 Ke5 59. Nb3 Bb6
60. Nd2 Bd8 61. Nf3+ Kd6 62. Kc4 Bc7 63. Kb5 Bd8 64. Nd4 Bf6 65. Nc6 Bc3 66.
Nxa5 Ke5 67. Nc6+ Kxe4 68. Nb4 Ke5 69. a5 Kd6 70. a6 Bd4 1/2-1/2

[Event "FIDE World Rapid 2014"]
[Site "Dubai UAE"]
[Date "2014.06.18"]
[Round "12.16"]
[White "Nguyen, Ngoc Truong Son"]
[Black "Wojtaszek, Radoslaw"]
[Result "1-0"]
[WhiteTitle "GM"]
[BlackTitle "GM"]
[WhiteElo "2621"]
[BlackElo "2715"]
[WhiteFideId "12401110"]
[BlackFideId "1118358"]
[EventDate "2014.06.16"]

1. d4 Nf6 2. Nf3 d5 3. Bf4 c5 4. dxc5 e6 5. e3 Bxc5 6. Be2 Nc6 7. O-O O-O 8. c4
dxc4 9. Bxc4 Qxd1 10. Rxd1 b6 11. Nc3 Bb7 12. Nb5 Na5 13. Be2 Rfd8 14. Rxd8+
Rxd8 15. Nxa7 Ra8 16. Nb5 Nb3 17. Rd1 Rxa2 18. Bc4 Bd5 19. Nc3 Rxb2 20. Na4 Bxc4
21. Rd8+ Bf8 22. Nxb2 Bb5 23. Bd6 Ne8 24. Bxf8 Kxf8 25. Rb8 Bd7 26. Ne5 Nc5 27.
Rxb6 Ke7 28. Nbd3 Nxd3 29. Nxd3 Nd6 30. Ne5 f6 31. Nxd7 Kxd7 32. Ra6 Nc8 33. e4
e5 34. f3 Ne7 35. Kf2 Ke8 36. Ke3 Kf7 37. Kd3 h5 38. Kc4 Ng6 39. Ra7+ Kg8 40. g3
h4 41. Kd5 hxg3 42. hxg3 Nf8 43. Kd6 Nh7 44. f4 1-0

[Event "FIDE World Rapid 2014"]
[Site "Dubai UAE"]
[Date "2014.06.18"]
[Round "12.17"]
[White "Meier, Georg"]
[Black "Vitiugov, Nikita"]
[Result "1/2-1/2"]
[WhiteTitle "GM"]
[BlackTitle "GM"]
[WhiteElo "2632"]
[BlackElo "2742"]
[WhiteFideId "4675789"]
[BlackFideId "4152956"]
[EventDate "2014.06.16"]

1. Nf3 d5 2. g3 c6 3. Bg2 Nf6 4. O-O Bf5 5. c4 e6 6. cxd5 exd5 7. d3 Be7 8. Nc3
O-O 9. Qb3 Qb6 10. Qc2 Nbd7 11. e4 dxe4 12. dxe4 Bg6 13. Be3 Qa5 14. Nh4 Rfe8
15. Rad1 Bc5 16. Bxc5 Qxc5 17. Rd2 Nb6 18. Nxg6 hxg6 19. Rfd1 Ng4 20. b3 a5 21.
Rd4 Re7 22. Qd2 Rae8 23. Rc1 Qh5 24. h4 Ne5 25. Rd1 Nf3+ 26. Bxf3 Qxf3 27. Qd3
Qxd3 28. R1xd3 Rc7 29. f4 f6 30. Kf2 Kf8 31. Rd8 Rc8 32. Rxe8+ Kxe8 33. Ke3 Ke7
34. Rd1 Ra8 35. Rd4 Ke6 36. Kf3 Ke7 37. Kg4 Nd7 38. Kf3 Nc5 39. Rd2 Nd7 40. Ke3
Nb6 41. Rd4 Nd7 42. Rd2 Nb6 43. Rd4 Nd7 44. Rd2 Nb6 1/2-1/2

[Event "FIDE World Rapid 2014"]
[Site "Dubai UAE"]
[Date "2014.06.18"]
[Round "12.18"]
[White "Cheparinov, Ivan"]
[Black "Matlakov, Maxim"]
[Result "1-0"]
[WhiteTitle "GM"]
[BlackTitle "GM"]
[WhiteElo "2682"]
[BlackElo "2689"]
[WhiteFideId "2905540"]
[BlackFideId "4168003"]
[EventDate "2014.06.16"]

1. d4 d5 2. c4 c6 3. Nf3 Nf6 4. e3 Bf5 5. Nc3 e6 6. Nh4 Bg6 7. Qb3 Qc7 8. Nxg6
hxg6 9. g3 Nbd7 10. Bg2 Nb6 11. cxd5 exd5 12. O-O Be7 13. Qc2 Qd7 14. b3 a5 15.
Bb2 O-O 16. Rad1 a4 17. f3 axb3 18. axb3 Rfe8 19. e4 dxe4 20. fxe4 Ba3 21. Ba1
Bb4 22. Bb2 Ba3 23. Rfe1 Qe7 24. Ba1 Bb4 25. Re2 Red8 26. Na2 Ba3 27. Rf1 Qe6
28. Bc3 Nc8 29. Kh1 Na7 30. d5 cxd5 31. exd5 Qb6 32. Bxf6 gxf6 33. Re6 Qc5 34.
Qxc5 Bxc5 35. Rexf6 Nb5 36. Nc1 Nd6 37. Nd3 Bd4 38. R6f4 Bg7 39. Nc5 Ra2 40. Ne4
Nf5 41. R4f2 Ra3 42. Rd2 Rxb3 43. d6 Ne3 44. Re1 Nc4 45. Rd5 b6 46. d7 Ne5 47.
Nd2 Rc3 48. Nf3 Nxd7 49. Red1 Rc7 50. Bh3 f5 51. Ng5 Ra8 52. Rxd7 Rxd7 53. Rxd7
Ra1+ 54. Kg2 Bf6 55. Nf3 b5 56. Kf2 b4 57. Bf1 Rc1 58. Rb7 Rc2+ 59. Be2 Rb2 60.
Ke3 g5 61. Nd2 g4 62. Kd3 Bc3 63. Nc4 Ra2 64. Rb5 Bg7 65. Rxf5 b3 66. Rb5 b2 67.
Bxg4 Bf6 68. Bf5 Ra1 69. Nxb2 Rb1 70. Kc2 Rf1 71. Nd3 1-0

[Event "FIDE World Rapid 2014"]
[Site "Dubai UAE"]
[Date "2014.06.18"]
[Round "12.19"]
[White "Bologan, Viktor"]
[Black "Harikrishna, Pentala"]
[Result "0-1"]
[WhiteTitle "GM"]
[BlackTitle "GM"]
[WhiteElo "2661"]
[BlackElo "2726"]
[WhiteFideId "13900048"]
[BlackFideId "5007003"]
[EventDate "2014.06.16"]

1. e4 e5 2. Bc4 Nf6 3. d3 Nc6 4. Nf3 h6 5. O-O d6 6. c3 g6 7. d4 Qe7 8. h3 Bg7
9. Re1 O-O 10. Nbd2 Kh7 11. a3 a6 12. Bd3 Nh5 13. Nf1 exd4 14. e5 dxc3 15. bxc3
dxe5 16. g4 Nf6 17. Ng3 Be6 18. g5 hxg5 19. Bxg5 Qd7 20. Qc2 Bd5 21. Bxf6 Bxf3
22. Be4 Bxe4 23. Nxe4 Qf5 24. Bh4 Rh8 25. Bg3 Kg8 26. h4 g5 27. Qb1 b6 28. Nxg5
Qxb1 29. Raxb1 Re8 30. Rbd1 f6 31. Ne4 Re7 32. f3 Kf7 33. Kg2 Bh6 34. Bf2 Nd8
35. a4 Ne6 36. a5 bxa5 37. Ra1 f5 38. Ng3 Bd2 39. Nxf5 Nf4+ 40. Kf1 Bxe1 41.
Bxe1 Rd7 42. Rxa5 Rd1 43. Rxa6 Rb1 44. Nh6+ Ke7 45. Nf5+ Kd7 46. Ra2 Nd3 47. Rd2
Rxe1+ 48. Kg2 Ke6 0-1

[Event "FIDE World Rapid 2014"]
[Site "Dubai UAE"]
[Date "2014.06.18"]
[Round "12.20"]
[White "Eljanov, Pavel"]
[Black "Iturrizaga Bonelli, Eduardo"]
[Result "1-0"]
[WhiteTitle "GM"]
[BlackTitle "GM"]
[WhiteElo "2723"]
[BlackElo "2653"]
[WhiteFideId "14102951"]
[BlackFideId "3901211"]
[EventDate "2014.06.16"]

1. d4 Nf6 2. c4 c5 3. d5 b5 4. cxb5 a6 5. bxa6 g6 6. Nc3 Bxa6 7. Nf3 d6 8. e4
Bxf1 9. Kxf1 Nbd7 10. g3 Bg7 11. Kg2 O-O 12. Qe2 Qa5 13. Bd2 Rfb8 14. Rab1 Ng4
15. Ng5 Ngf6 16. f4 Ne8 17. h4 Qa6 18. Qf3 h6 19. Nh3 Nef6 20. Rhe1 Rb4 21. Nf2
Nb6 22. b3 Nfd7 23. h5 Rd4 24. Red1 gxh5 25. a4 Qa5 26. Be1 Rxd1 27. Rxd1 Nc8
28. Nb5 Qb6 29. Qxh5 Nf6 30. Qe2 Na7 31. Nxa7 Rxa7 32. Qc4 Nd7 33. a5 Qb8 34.
Ng4 Rb7 35. Rd3 f5 36. exf5 h5 37. Nf2 Nf6 38. a6 Ra7 39. Bc3 Qc8 40. Bxf6 Bxf6
41. Ne4 Rxa6 42. Nxf6+ exf6 43. Qe4 Ra2+ 44. Kh3 Qa6 45. Qe8+ Kg7 46. Qg6+ Kf8
47. Qxf6+ Kg8 48. Qg6+ Kf8 49. f6 Qc8+ 50. f5 Ra7 51. Re3 1-0

[Event "FIDE World Rapid 2014"]
[Site "Dubai UAE"]
[Date "2014.06.18"]
[Round "12.21"]
[White "Fedoseev, Vladimir3"]
[Black "Potkin, Vladimir"]
[Result "1-0"]
[WhiteTitle "GM"]
[BlackTitle "GM"]
[WhiteElo "2662"]
[BlackElo "2621"]
[WhiteFideId "24130737"]
[BlackFideId "4131061"]
[EventDate "2014.06.16"]

1. d4 d5 2. c4 e6 3. Nc3 c6 4. e3 Nf6 5. Nf3 Nbd7 6. Qc2 Bd6 7. Bd3 O-O 8. O-O
dxc4 9. Bxc4 b5 10. Be2 a6 11. Rd1 Qc7 12. e4 e5 13. g3 Re8 14. a3 Bb7 15. dxe5
Nxe5 16. Bg5 Nxf3+ 17. Bxf3 Be5 18. Bxf6 gxf6 19. Bg4 Bc8 20. Bxc8 Raxc8 21. Ne2
Rcd8 22. Rac1 Rxd1+ 23. Rxd1 Rd8 24. Rxd8+ Qxd8 25. Kg2 Qd6 26. b4 Qe6 27. Qd3
Qc4 28. Qe3 c5 29. bxc5 a5 30. f4 Bb2 31. g4 b4 32. axb4 a4 33. Qd2 Qxe4+ 34.
Kh3 a3 35. Ng3 Qa8 36. c6 h5 37. c7 hxg4+ 38. Kh4 Kh7 39. Qc2+ 1-0

[Event "FIDE World Rapid 2014"]
[Site "Dubai UAE"]
[Date "2014.06.18"]
[Round "12.22"]
[White "Yudin, Sergei"]
[Black "Onischuk, Vladimir"]
[Result "1-0"]
[WhiteTitle "GM"]
[BlackTitle "GM"]
[WhiteElo "2546"]
[BlackElo "2594"]
[WhiteFideId "4159659"]
[BlackFideId "14114038"]
[EventDate "2014.06.16"]

1. e4 c6 2. Nf3 d5 3. exd5 cxd5 4. Ne5 Nf6 5. d4 a6 6. c4 Nc6 7. Nc3 e6 8. cxd5
Nxd5 9. Nxc6 bxc6 10. Bd3 a5 11. O-O Ba6 12. Bxa6 Rxa6 13. Qg4 Ra7 14. Bg5 h5
15. Qg3 h4 16. Qg4 f5 17. Qe2 Qxg5 18. Nxd5 Kf7 19. Ne3 Bd6 20. Nc4 Qf4 21. g3
hxg3 22. hxg3 Qh6 23. Nxd6+ Kf8 24. Kg2 Qh3+ 25. Kf3 Rd7 26. Qe5 Ke7 27. Rh1
Qg4+ 28. Kg2 Rxh1 29. Nc8+ Kd8 30. Rxh1 Kxc8 31. Rh8+ Kb7 32. Qb8+ Ka6 33. Qc8+
Rb7 34. Qxc6+ Ka7 35. Qc5+ 1-0

[Event "FIDE World Rapid 2014"]
[Site "Dubai UAE"]
[Date "2014.06.18"]
[Round "12.23"]
[White "Van Wely, Loek"]
[Black "Bartel, Mateusz"]
[Result "1-0"]
[WhiteTitle "GM"]
[BlackTitle "GM"]
[WhiteElo "2654"]
[BlackElo "2641"]
[WhiteFideId "1000268"]
[BlackFideId "1112635"]
[EventDate "2014.06.16"]

1. d4 f5 2. g3 Nf6 3. Bg2 g6 4. Nf3 Bg7 5. b4 O-O 6. O-O c6 7. c4 Ne4 8. Bb2 d5
9. Nbd2 Be6 10. cxd5 Bxd5 11. Nb3 Nd7 12. Qc2 e6 13. a4 Nd6 14. Nc5 Nxc5 15.
dxc5 Nc4 16. Bxg7 Kxg7 17. Rad1 Qf6 18. Rd4 Bxf3 19. Rd7+ Rf7 20. Rxf7+ Kxf7 21.
exf3 Ne5 22. f4 Nd7 23. b5 Rc8 24. bxc6 bxc6 25. Rd1 Rc7 26. Bxc6 Nf8 27. Bf3 g5
28. fxg5 Qxg5 29. c6 Ng6 30. Qc5 Qe7 31. Qa5 Kf6 32. Bg2 e5 33. Qc3 Qe6 34. Qc5
Qe7 35. Rd6+ Kg7 36. Qd5 Nf8 37. Bh3 f4 38. Bf5 fxg3 39. hxg3 Qe8 40. Kg2 Qe7
41. Bd3 Qe8 42. Bc4 1-0

[Event "FIDE World Rapid 2014"]
[Site "Dubai UAE"]
[Date "2014.06.18"]
[Round "12.24"]
[White "Adly, Ahmed"]
[Black "Guseinov, Gadir"]
[Result "0-1"]
[WhiteTitle "GM"]
[BlackTitle "GM"]
[WhiteElo "2594"]
[BlackElo "2613"]
[WhiteFideId "10601619"]
[BlackFideId "13401378"]
[EventDate "2014.06.16"]

1. d4 Nf6 2. c4 g6 3. Nf3 Bg7 4. g3 O-O 5. Bg2 c5 6. O-O cxd4 7. Nxd4 d5 8. cxd5
Nxd5 9. Nc3 Nxc3 10. bxc3 Qc7 11. Qb3 Nc6 12. Nxc6 bxc6 13. Bf4 Qa5 14. Bxc6 Be6
15. Qb4 Qxb4 16. cxb4 Bxa1 17. Rxa1 Rac8 18. b5 Rfd8 19. a4 Bd5 20. Rc1 Bxc6 21.
bxc6 Kf8 22. Rc4 f6 23. h4 Kf7 24. Kg2 e5 25. Be3 Rd6 26. Bxa7 Rdxc6 27. Rxc6
Rxc6 28. a5 Rc4 29. f3 f5 30. Bb8 Ke6 31. a6 Ra4 32. a7 Kd5 33. Kf2 Kd4 34. Bc7
Kd5 35. Bb8 h6 36. Ke3 Ra2 37. Kf2 g5 38. hxg5 hxg5 39. Ke3 Ra3+ 40. Kf2 g4 41.
fxg4 fxg4 42. Ke1 Ra2 43. Kf2 Ke4 44. Kf1 Ra5 45. Kf2 Ra1 46. Kg2 Ke3 47. Bxe5
Rxa7 48. Kf1 Kd2 49. Kf2 Re7 50. Bf4+ Kd1 51. e3 Re4 52. Bh6 Kd2 53. Bf4 Kd3 54.
Bh6 Ra4 55. Bf4 Ra2+ 56. Ke1 Rb2 57. Bh6 Rh2 58. Bf4 Ra2 59. Bh6 Ke4 60. Bg5 Kf3
61. Bf4 Rh2 62. Kd1 Re2 63. Bh6 Rxe3 64. Bxe3 Kxe3 65. Ke1 Kf3 66. Kf1 Kxg3 67.
Kg1 Kh3 0-1

[Event "FIDE World Rapid 2014"]
[Site "Dubai UAE"]
[Date "2014.06.18"]
[Round "12.25"]
[White "Antipov, Mikhail Al."]
[Black "Safarli, Eltaj"]
[Result "1-0"]
[WhiteTitle "GM"]
[BlackTitle "GM"]
[WhiteElo "2502"]
[BlackElo "2649"]
[WhiteFideId "4107012"]
[BlackFideId "13402129"]
[EventDate "2014.06.16"]

1. e4 e5 2. Nf3 Nc6 3. Bc4 Bc5 4. O-O Nf6 5. d3 O-O 6. c3 d6 7. Re1 h6 8. Bb3
Be6 9. h3 Re8 10. Nbd2 d5 11. Ba4 dxe4 12. Nxe4 Nxe4 13. dxe4 Qxd1 14. Rxd1 Red8
15. Re1 f6 16. Bxc6 bxc6 17. Be3 Bxe3 18. Rxe3 a5 19. c4 Bxc4 20. Rc3 Bb5 21. a4
Bd3 22. Nd2 Rab8 23. b3 Rb6 24. f3 Ba6 25. Ra2 Bc8 26. Rc5 Be6 27. Rxa5 Bxb3 28.
Nxb3 Rxb3 29. Ra7 Rb1+ 30. Kh2 h5 31. h4 Rdb8 32. Rxc7 R8b2 33. Rxb2 Rxb2 34.
Rxc6 Ra2 35. Ra6 Kh7 36. Ra8 Kg6 37. a5 Ra3 38. a6 Kh7 39. a7 Ra2 40. Kg1 Kg6
41. g4 Kh7 42. gxh5 Ra1+ 43. Kf2 Ra2+ 44. Ke3 Ra3+ 45. Kd2 Ra1 46. Kc3 Ra3+ 47.
Kc4 Ra1 48. Kd5 Ra5+ 49. Ke6 Ra6+ 50. Kf7 Ra3 51. h6 g5 52. hxg5 fxg5 53. Ke6
Ra6+ 54. Kf5 Ra5 55. Kxg5 Ra6 56. Kf5 Ra5 57. Kf6 1-0

[Event "FIDE World Rapid 2014"]
[Site "Dubai UAE"]
[Date "2014.06.18"]
[Round "12.26"]
[White "Salem, A.R. Saleh"]
[Black "Lenic, Luka"]
[Result "0-1"]
[WhiteTitle "GM"]
[BlackTitle "GM"]
[WhiteElo "2581"]
[BlackElo "2659"]
[WhiteFideId "9301348"]
[BlackFideId "14603853"]
[EventDate "2014.06.16"]

1. d4 Nf6 2. c4 e6 3. Nf3 b6 4. a3 Bb7 5. Nc3 d5 6. Qc2 Be7 7. cxd5 exd5 8. Bg5
O-O 9. e3 c5 10. Bd3 h6 11. Bh4 Nbd7 12. O-O a6 13. Rad1 c4 14. Bf5 b5 15. Ne5
Re8 16. f4 Nf8 17. Bxf6 Bxf6 18. Bg4 Rb8 19. Bf3 Ba8 20. g3 Re6 21. Bh5 Re7 22.
Qg2 Rb6 23. Kh1 Rd6 24. Bf3 Re8 25. h4 Be7 26. h5 f6 27. f5 Nh7 28. Ng6 Bf8 29.
Qf2 Ng5 30. Bg2 Qd7 31. Qf4 a5 32. Nxf8 Rxf8 33. Nxb5 Rb6 34. Nc3 Rxb2 35. Rb1
Rb3 36. Rfc1 a4 37. Ra1 Re8 38. g4 Kh7 39. Rc2 Qd8 40. Qg3 Qa5 41. Qe1 Qd8 42.
Qg3 Qe7 43. Re1 Qxa3 44. Nxd5 Bxd5 45. Bxd5 Rexe3 46. Rxe3 Rxe3 47. Qf2 Qa1+ 48.
Kg2 Qxd4 49. Rd2 Qxg4+ 50. Kf1 Rc3 51. Qe1 Nf3 52. Bg8+ Kh8 53. Rd8 Qg1+ 0-1

[Event "FIDE World Rapid 2014"]
[Site "Dubai UAE"]
[Date "2014.06.18"]
[Round "12.27"]
[White "Najer, Evgeniy"]
[Black "Lu, Shanglei"]
[Result "1-0"]
[WhiteTitle "GM"]
[BlackTitle "GM"]
[WhiteElo "2653"]
[BlackElo "2546"]
[WhiteFideId "4118987"]
[BlackFideId "8603332"]
[EventDate "2014.06.16"]

1. e4 c5 2. Nf3 d6 3. d4 cxd4 4. Nxd4 Nf6 5. Nc3 g6 6. Be2 Bg7 7. O-O Nc6 8. Nb3
O-O 9. Bg5 h6 10. Be3 b6 11. Qd2 Kh7 12. f4 Bb7 13. Rad1 Rc8 14. Bf3 Qc7 15. Qf2
Qb8 16. a3 e6 17. Qh4 Ne7 18. g4 Rxc3 19. bxc3 Qc7 20. f5 exf5 21. exf5 Bxf3 22.
Rxf3 Qxc3 23. Nd4 Qc4 24. g5 Nh5 25. f6 Bxf6 26. gxf6 Nd5 27. Bf2 Re8 28. Qh3
Ndf4 29. Qd7 Re5 30. Qxd6 Rd5 31. Qe7 Rg5+ 32. Kh1 Qd5 33. c4 Qxc4 34. Qe4 Nd5
35. Qd3 Qc8 36. Rf1 Ndf4 37. Qe4 Qc4 38. Rg1 Ra5 39. Rxf4 Nxf4 40. Qxf4 Rxa3 41.
Qe4 h5 42. Qc6 Qa2 43. Qb7 Rd3 44. Nf3 Rd8 45. Ne5 Rf8 46. Nxg6 Rg8 47. Ne5
Rxg1+ 48. Bxg1 1-0

[Event "FIDE World Rapid 2014"]
[Site "Dubai UAE"]
[Date "2014.06.18"]
[Round "12.28"]
[White "Korobov, Anton"]
[Black "Salgado Lopez, Ivan"]
[Result "1/2-1/2"]
[WhiteTitle "GM"]
[BlackTitle "GM"]
[WhiteElo "2680"]
[BlackElo "2622"]
[WhiteFideId "14105730"]
[BlackFideId "2257327"]
[EventDate "2014.06.16"]

1. d4 Nf6 2. c4 g6 3. Nc3 d5 4. cxd5 Nxd5 5. e4 Nxc3 6. bxc3 Bg7 7. Bc4 c5 8.
Ne2 O-O 9. O-O Nc6 10. Be3 e6 11. Qd2 b6 12. Rad1 Na5 13. Bd3 cxd4 14. cxd4 Bb7
15. Bh6 Rc8 16. Bxg7 Kxg7 17. Rfe1 Qe7 18. Ng3 Rfd8 19. d5 e5 20. f4 Nc4 21.
Bxc4 Rxc4 22. Rf1 Qc5+ 23. Kh1 Rc2 24. Qe1 Ba6 25. Rf3 exf4 26. Rxf4 Qc3 27.
Qxc3+ Rxc3 28. Kg1 Bc4 29. Rd2 Ra3 30. Rf3 Ra4 31. a3 b5 32. Ne2 Bxe2 33. Rxe2
Re8 34. Rfe3 Rd4 35. Kf2 Re5 36. g4 h5 37. h3 hxg4 38. hxg4 a5 39. Kf3 f5 40.
exf5 Rxe3+ 41. Kxe3 Rxd5 42. Kf4 gxf5 43. gxf5 Rd3 44. Re7+ Kf6 45. Re6+ Kf7 46.
Rb6 Rxa3 47. Rxb5 Ra1 48. Rb7+ 1/2-1/2

[Event "FIDE World Rapid 2014"]
[Site "Dubai UAE"]
[Date "2014.06.18"]
[Round "12.29"]
[White "Amin, Bassem"]
[Black "Ragger, Markus"]
[Result "1/2-1/2"]
[WhiteTitle "GM"]
[BlackTitle "GM"]
[WhiteElo "2635"]
[BlackElo "2632"]
[WhiteFideId "10601457"]
[BlackFideId "1610856"]
[EventDate "2014.06.16"]

1. Nf3 d5 2. g3 Nf6 3. Bg2 c6 4. O-O Bg4 5. d3 Nbd7 6. Nbd2 e5 7. e4 dxe4 8.
dxe4 Bc5 9. h3 Bh5 10. Qe1 O-O 11. a4 Re8 12. Nc4 Nb6 13. Na5 Qc7 14. Nb3 Bf8
15. Bg5 Nfd7 16. Qc3 f6 17. Be3 Nc8 18. a5 Nd6 19. Nfd2 Be2 20. Nc1 Bxf1 21.
Bxf1 b5 22. b4 a6 23. h4 Nb7 24. Bh3 c5 25. Qb3+ Kh8 26. Qf7 Re7 27. Qh5 Kg8 28.
Nd3 c4 29. Ne1 c3 30. Nb3 Nd6 31. Nc5 Nxc5 32. Bxc5 Ree8 33. Rd1 Qf7 34. Qf3
Rad8 35. Bb6 Rb8 36. Bc5 Rbd8 37. Bb6 Rb8 38. Bc5 Qc7 39. Rd5 Qc6 40. Qd3 Rbd8
41. Bb6 Rb8 42. Bc5 Rbd8 43. Bb6 Rb8 44. Bc5 Rbd8 1/2-1/2

[Event "FIDE World Rapid 2014"]
[Site "Dubai UAE"]
[Date "2014.06.18"]
[Round "12.30"]
[White "Dubov, Daniil"]
[Black "Sargissian, Gabriel"]
[Result "0-1"]
[WhiteTitle "GM"]
[BlackTitle "GM"]
[WhiteElo "2614"]
[BlackElo "2686"]
[WhiteFideId "24126055"]
[BlackFideId "13300881"]
[EventDate "2014.06.16"]

1. d4 Nf6 2. c4 e6 3. Nc3 Bb4 4. e3 O-O 5. Ne2 d5 6. a3 Bd6 7. cxd5 exd5 8. g3
c6 9. Bg2 Re8 10. O-O a5 11. f3 c5 12. Nb5 Bf8 13. Bd2 Nc6 14. Rc1 Qb6 15. a4
Bf5 16. g4 Bd3 17. g5 Nh5 18. Nec3 Bxf1 19. dxc5 Bxc5 20. Kxf1 Nb4 21. f4 Bxe3
22. Qxh5 Bxd2 23. Rd1 Bxc3 24. bxc3 Nc2 0-1

[Event "FIDE World Rapid 2014"]
[Site "Dubai UAE"]
[Date "2014.06.18"]
[Round "12.31"]
[White "Glek, Igor"]
[Black "Mchedlishvili, Mikheil"]
[Result "1-0"]
[WhiteTitle "GM"]
[BlackTitle "GM"]
[WhiteElo "2438"]
[BlackElo "2632"]
[WhiteFideId "4100484"]
[BlackFideId "13600966"]
[EventDate "2014.06.16"]

1. e4 c5 2. Nf3 e6 3. d3 Nc6 4. g3 d5 5. Qe2 Nge7 6. Bg2 g6 7. O-O Bg7 8. c3 b6
9. e5 h6 10. h4 a5 11. a4 Ba6 12. Na3 Na7 13. Nh2 Nf5 14. Ng4 Kf8 15. Re1 Nc6
16. Bf4 Ra7 17. Qd2 Rd7 18. Nc2 Bb7 19. d4 cxd4 20. cxd4 Kg8 21. Bf1 Qc8 22.
Rac1 Rc7 23. Bb5 Ba6 24. Nf6+ Kf8 25. Kg2 Bb7 26. b4 Nfe7 27. Bxc6 Nxc6 28. b5
Ne7 29. Ne3 Rc4 30. f3 Nf5 31. Nxc4 dxc4 32. Qc3 Bxf6 33. exf6 Bd5 34. Rh1 Qd8
35. Kf2 h5 36. Be5 Kg8 37. Qd2 Qf8 38. Rh2 Qa3 39. Qc3 Qxa4 40. g4 hxg4 41. fxg4
Nh6 42. Kg3 Qxb5 43. Rb2 Qd7 44. Rxb6 Kh7 45. Qe3 Ba8 46. Rd6 Qb5 47. Bf4 Ng8
48. Bg5 Qb7 49. Rg1 Qc7 50. Qe5 Qb7 51. Qe3 Qc7 52. Bf4 Qb7 53. g5 a4 54. Rd8 1-0

[Event "FIDE World Rapid 2014"]
[Site "Dubai UAE"]
[Date "2014.06.18"]
[Round "12.32"]
[White "Andriasian, Zaven"]
[Black "Ganguly, Surya Shekhar"]
[Result "1-0"]
[WhiteTitle "GM"]
[BlackTitle "GM"]
[WhiteElo "2611"]
[BlackElo "2619"]
[WhiteFideId "13302000"]
[BlackFideId "5002150"]
[EventDate "2014.06.16"]

1. Nf3 Nf6 2. g3 g6 3. Bg2 Bg7 4. O-O O-O 5. c4 d6 6. Nc3 e5 7. d3 Nc6 8. Rb1 h6
9. b4 Be6 10. b5 Ne7 11. Nd2 Qc8 12. Re1 Bh3 13. Bh1 Ng4 14. Nd5 Nxd5 15. cxd5
a6 16. b6 cxb6 17. Ba3 Qd8 18. Ne4 f5 19. Nxd6 b5 20. Nxb7 Qb6 21. Nc5 Rfc8 22.
d4 exd4 23. Nd3 a5 24. Nf4 Nxf2 25. Kxf2 d3+ 26. e3 Bg4 27. Qxd3 Rc3 28. Qxb5
Qxb5 29. Rxb5 Rxa3 30. d6 Rd8 31. h3 Bh5 32. Bd5+ Kh7 33. Nxh5 gxh5 34. Rd1 h4
35. gxh4 Bf6 36. Kf3 Bxh4 37. Rb3 Rxb3 38. Bxb3 Kg7 39. d7 Be7 40. Bc2 Kf6 41.
Kf4 Rb8 42. Bxf5 Bd8 43. Rd6+ Kf7 44. Rxh6 Rb2 45. Rh8 Bc7+ 46. Kf3 Rd2 47. a4
Kf6 48. Bg4 Kg7 49. Rc8 Bb6 50. Ke4 Kf7 51. h4 Ke7 52. Re8+ Kf7 53. Be6+ Kg7 54.
Bd5 Rh2 55. d8=Q Bxd8 56. Rxd8 Rxh4+ 57. Ke5 Rxa4 58. e4 Ra1 59. Kd6 a4 60. e5
a3 61. Rg8+ Kh7 62. Ra8 Kg7 63. e6 Kf6 64. e7 1-0